| 000 | 00380nam a22001457a 4500 | ||
|---|---|---|---|
| 005 | 20250603132222.0 | ||
| 008 | 250603b |||||||| |||| 00| 0 eng d | ||
| 020 | _a9780800730475 | ||
| 050 |
_aBV835 _b.C63 COM |
||
| 245 | _aTHE COMPLETE MARRIAGE BOOK | ||
| 260 |
_aMICHIGAN _bFLEMING H. REVELL _c2002 |
||
| 300 | _a313p | ||
| 700 | _aDAVID STOOP AND JAN STOOP | ||
| 942 |
_2lcc _cBK _n0 |
||
| 999 |
_c6212 _d6212 |
||